MARC details
| 000 -LEADER |
| fixed length control field |
01775cam a2200397 a 4500 |
| 001 - CONTROL NUMBER |
| control field |
15926174 |
| 003 - CONTROL NUMBER IDENTIFIER |
| control field |
EG-ScBUE |
| 005 - DATE AND TIME OF LATEST TRANSACTION |
| control field |
20220214103108.0 |
| 008 - FIXED-LENGTH DATA ELEMENTS--GENERAL INFORMATION |
| fixed length control field |
090929s2009 nyu f 000 f eng d |
| 020 ## - INTERNATIONAL STANDARD BOOK NUMBER |
| International Standard Book Number |
0143117793 (pbk.) |
| 020 ## - INTERNATIONAL STANDARD BOOK NUMBER |
| International Standard Book Number |
9780143117797 (pbk.) |
| 035 ## - SYSTEM CONTROL NUMBER |
| System control number |
(OCoLC)ocn444115353 |
| 040 ## - CATALOGING SOURCE |
| Original cataloging agency |
DLC |
| Language of cataloging |
eng |
| Description conventions |
rda |
| Transcribing agency |
DLC |
| Modifying agency |
YDXCP |
| -- |
C#P |
| -- |
BWX |
| -- |
CDX |
| -- |
T7B |
| -- |
PZT |
| -- |
DLC |
| -- |
EG-ScBUE |
| 043 ## - GEOGRAPHIC AREA CODE |
| Geographic area code |
e-uk-en |
| 082 04 - DEWEY DECIMAL CLASSIFICATION NUMBER |
| Classification number |
823.92 |
| Edition number |
22 |
| Item number |
FOU |
| 100 1# - MAIN ENTRY--PERSONAL NAME |
| Personal name |
Foulds, Adam, |
| Dates associated with a name |
1974- |
| Relator term |
author. |
| 9 (RLIN) |
25441 |
| 245 14 - TITLE STATEMENT |
| Title |
The quickening maze / |
| Statement of responsibility, etc |
Adam Foulds. |
| 264 #1 - PUBLICATION, DISTRIBUTION, ETC. (IMPRINT) |
| Place of publication, distribution, etc |
New York : |
| Name of publisher, distributor, etc |
Penguin Books, |
| Date of publication, distribution, etc |
2009. |
| 300 ## - PHYSICAL DESCRIPTION |
| Extent |
258 pages ; |
| Dimensions |
20 cm |
| 336 ## - CONTENT TYPE |
| Source |
rdacontent |
| Content type term |
text |
| Content type code |
txt |
| 337 ## - MEDIA TYPE |
| Source |
rdamedia |
| Media type term |
unmediated |
| Media type code |
n |
| 338 ## - CARRIER TYPE |
| Source |
rdacarrier |
| Carrier type term |
volume |
| Carrier type code |
nc |
| 500 ## - GENERAL NOTE |
| General note |
First published: London : Jonathan Cape, 2009. |
| 520 ## - SUMMARY, ETC. |
| Summary, etc |
Based on real events--tells the deeply moving story of the great nature poet John Clare and his fall into madness. |
| 586 ## - AWARDS NOTE |
| Awards note |
Finalist for the Man Booker Prize, 2009 |
| 600 17 - SUBJECT ADDED ENTRY--PERSONAL NAME |
| Personal name |
Clare, John, |
| Dates associated with a name |
1793-1864 |
| General subdivision |
Mental health |
| Form subdivision |
Fiction. |
| Source of heading or term |
BUEsh |
| 9 (RLIN) |
25442 |
| 600 17 - SUBJECT ADDED ENTRY--PERSONAL NAME |
| Personal name |
Tennyson, Alfred Tennyson, |
| Titles and other words associated with a name |
Baron, |
| Dates associated with a name |
1809-1892 |
| Form subdivision |
Fiction. |
| Source of heading or term |
BUEsh |
| 9 (RLIN) |
25443 |
| 650 #7 - SUBJECT ADDED ENTRY--TOPICAL TERM |
| Topical term or geographic name as entry element |
Poets, English |
| Chronological subdivision |
19th century |
| General subdivision |
Mental health |
| Form subdivision |
Fiction. |
| 9 (RLIN) |
25444 |
| Source of heading or term |
BUEsh |
| 650 #7 - SUBJECT ADDED ENTRY--TOPICAL TERM |
| Topical term or geographic name as entry element |
Psychiatric hospitals |
| Geographic subdivision |
England |
| -- |
London |
| General subdivision |
History |
| Chronological subdivision |
19th century |
| Form subdivision |
Fiction. |
| 9 (RLIN) |
25445 |
| Source of heading or term |
BUEsh |
| 650 #7 - SUBJECT ADDED ENTRY--TOPICAL TERM |
| Topical term or geographic name as entry element |
Mentally ill |
| General subdivision |
Commitment and detention |
| Geographic subdivision |
England |
| -- |
London |
| General subdivision |
History |
| Chronological subdivision |
19th century |
| Form subdivision |
Fiction. |
| 9 (RLIN) |
25446 |
| Source of heading or term |
BUEsh |
| 651 #7 - SUBJECT ADDED ENTRY--GEOGRAPHIC NAME |
| Geographic name |
London (England) |
| General subdivision |
Social conditions |
| Chronological subdivision |
19th century |
| Form subdivision |
Fiction. |
| 9 (RLIN) |
25447 |
| Source of heading or term |
BUEsh |
| 653 ## - INDEX TERM--UNCONTROLLED |
| Arrived date list |
June2011 |
| Resource For college |
Humanities: English |
| 655 #7 - INDEX TERM--GENRE/FORM |
| Genre/form data or focus term |
Historical fiction. |
| Source of term |
gsafd |
| Form subdivision |
Reading book |
| 942 ## - ADDED ENTRY ELEMENTS (KOHA) |
| Source of classification or shelving scheme |
Dewey Decimal Classification |
| Koha item type |
Book - Borrowing |